000 00393 a2200145 4500
005 20250628081828.0
020 _a0-273-68598-8
082 _a658.15 VAN
100 _aVAN HORNE, J
245 _aFundamentals of Financial Management
260 _aLondon
_bPearson Education Limited
_c2005.
300 _axxiv, 712p.: ill.; figures
_bIndex
_c26cm
700 _aJohn M. Wachowicz
942 _2ddc
_cBKS
999 _c5880
_d5880